000
00308 a2200145 4500
001
73785
020
_a
040
_c
Anchieta - Colégio São Paulo
240
1
0
_a
Ao encontro do amor
_l
por
245
1
0
_a
Ao encontro do amor
300
_a
219
362
0
_a
1999
650
4
_a
Ficção inglesa
942
_c
BK
999
_c
73785
_d
73785